Catalog

Record Details

Catalog Search



 Propojení Montessori pedagogiky s výukou plavání : závěrečná práce  Cover Image Book Book

Propojení Montessori pedagogiky s výukou plavání : závěrečná práce / autor ; vedoucí práce

Record details

  • Physical Description: 41 stran : 31 cm

Content descriptions

Dissertation Note:
Závěrečná práce - Montessori ČR, 2014
Bibliography, etc. Note:
Obsahuje bibliografii
Genre: závěrečné práce

Available copies

  • 1 of 1 copy available at Common Catalog SPOK.

Holds

  • 0 current holds with 1 total copy.
Show Only Available Copies
Location Call Number / Copy Notes Barcode Shelving Location Status Due Date
Montessori Library ZP0164 4614610164 Chodba Available -

LDR ntm a22 i 4500
00147000
003CZ-PrJAB
00520200811165546.0
007ta
008 s2014 xr e 000 0 cze
040 . ‡aABG323 ‡bcze ‡erda
0410 . ‡acze
1001 . ‡aFountain Havlíčková , Agnes ‡4aut
24510. ‡a Propojení Montessori pedagogiky s výukou plavání : ‡bzávěrečná práce / ‡c autor ; vedoucí práce
264 0. ‡c2014
300 . ‡a41 stran : ‡c31 cm
336 . ‡atext ‡btxt ‡2rdacontent
337 . ‡abez média ‡bn ‡2rdamedia
338 . ‡asvazek ‡bnc ‡2rdacarrier
502 . ‡aZávěrečná práce - Montessori ČR, 2014 
504 . ‡aObsahuje bibliografii
6530 . ‡aMontessori pedagogika ‡avýuka plavání ‡afyzický vývoj ‡avodní prostředí ‡aotuživání ‡ahry
655 7. ‡azávěrečné práce ‡7fd186753 ‡2czenas
7102 . ‡aMontessori ČR
85641. ‡yPlný text ‡zPlný text je dostupný pouze členům Montessori ČR
910 . ‡aABG323
901 . ‡a47000 ‡b ‡c47000 ‡tbiblio

Additional Resources